00911 a2200193 4500003000500000005001700005010001600022020001500038040000900053082001500062100002200077245005400099250001100153260005300164300003300217505042000250650002000670650002700690Nust20230102123647.0 a 86012393 a8178083353 cNust00a629.83,OGA1 aOgata, Katsuhiko.10aDiscrete-time control systems /cKatsuhiko Ogata. a2nd ed aEnglewood Cliffs, N.J. :bPrentice-Hall,cc1995. axi, 745 p. :bill. ;c24 cm. aIntroduction to Discrete-Time Control Systems (Page-1), The z Transform (Page-23), x- Plane Analysis of Discrete-Time Control Systems (Page-74), Design of Discrete Time Control Systems by Conventional Methods (Page-173), State- Space Analysis (Page-293), Pole Placement and Observer Design (Page-377), Polynomial Equations Approach to Control Systems Design (Page-517), Quadratic Optimal Control Systems (Page-566). 0aControl theory. 0aDiscrete-time systems.